[Event "Titled Tuesday intern op 13th Sep Late"]
[Site "Chess.com INT"]
[Date "2022.09.13"]
[Round "4"]
[White "Urbina Perez, Juan Antonio"]
[Black "Cruz Gomez, Miguel Angel"]
[Result "1-0"]
[WhiteElo "2274"]
[BlackElo "1964"]
[PlyCount "187"]
[EventDate "2022.09.13"]
[EventType "swiss (blitz)"]
[EventRounds "11"]
[EventCountry "USA"]
[SourceTitle "EXT 2023"]
[Source "ChessBase"]
[SourceDate "2022.10.05"]
[SourceVersion "1"]
[SourceVersionDate "2022.10.05"]
[SourceQuality "1"]

1. e4 c5 2. Nf3 e6 3. b3 Nf6 4. e5 Nd5 5. c4 Nc7 6. Bb2 Nc6 7. Bd3 Be7 8. 0-0 0-0 9. Qe2 d5 10. exd6 Qxd6 11. Nc3 Nd4 12. Nxd4 Qxd4 13. Rab1 Rd8 14. Nd5 Rxd5 15. Bxd4 Rxd4 16. Bc2 b6 17. Qf3 Rb8 18. Rbd1 Bb7 19. Qh5 g6 20. Qe5 Rc8 21. f3 Ne8 22. Be4 Bf6 23. Qf4 Rcd8 24. Bxb7 Rxf4 25. Be4 Bd4+ 26. Kh1 Rh4 27. g3 Rh3 28. Kg2 Rh5 29. g4 Rg5 30. h4 Re5 31. d3 f5 32. f4 fxe4 33. fxe5 e3 34. Kf3 Ng7 35. Rde1 Rf8+ 36. Ke4 Rd8 37. Rf3 Ne8 38. Ref1 Ng7 39. a3 Re8 40. Rh1 a5 41. a4 Rf8 42. Rxf8+ Kxf8 43. Kf3 Kf7 44. Rh2 Ne8 45. Ke4 Nc7 46. h5 g5 47. Rh1 Ke7 48. Kf3 h6 49. Ke4 Ne8 50. Rh2 Ng7 51. Kf3 Ne8 52. Ke2 Nc7 53. Rh3 Na6 54. Rf3 Bxe5 55. Kxe3 Nb8 56. Ke4 Bf4 57. d4 cxd4 58. Kxd4 Nc6+ 59. Kc3 Nb4 60. Rf1 e5 61. Rd1 Nc6 62. Rd5 e4 63. Rb5 Bc7 64. Rf5 e3 65. Kd3 Bf4 66. Rb5 Ne5+ 67. Ke2 Nxg4 68. Rxb6 Nf6 69. c5 Nxh5 70. Rb7+ Kd8 71. Ra7 Nf6 72. Rxa5 Ne4 73. Ra8+ Kc7 74. Re8 Kc6 75. Rxe4 Kxc5 76. Rc4+ Kb6 77. Kf3 Ka5 78. Ke2 h5 79. Re4 h4 80. Rd4 Ka6 81. b4 h3 82. Rc4 h2 83. Rc6+ Kb7 84. Rc1 g4 85. Rf1 g3 86. Kf3 Bd6 87. Kg2 Bxb4 88. Rf3 Bd6 89. Rxe3 Kc6 90. Rb3 Kd5 91. a5 Bc5 92. a6 Ba7 93. Rb7 Bf2 94. a7 1-0